000 00283nam a2200121Ia 4500
008 190216s9999||||xx |||||||||||||| ||und||
100 _aJoseph F Bradley
245 0 _aFundamentals Of Corporation Finance
260 _bNull
_c1957
300 _a583p
650 _aCommerce
942 _cBK
999 _c4531
_d4531